| 000 | 00739nam a22002415i 4500 | ||
|---|---|---|---|
| 999 |
_c27151 _d27123 |
||
| 003 | OSt | ||
| 005 | 20201128024406.0 | ||
| 008 | 190214s 2000cal||||fr|||| 000 f eng d | ||
| 020 | _a9780595010158 | ||
| 020 | _a0595010156 | ||
| 040 |
_aEG-ScBUE _beng _cEG-ScBUE |
||
| 082 |
_222 _a813.54 _bPOA |
||
| 100 | 1 |
_942017 _aPoage, Holly. |
|
| 245 |
_aThe black rose / _cHolly Poage. |
||
| 264 | 1 |
_aSan Jose, California : _bWriter's Showcase Presented by Writer's Digest / iUniverse.com, Inc., _cc.2000. |
|
| 300 |
_a197 pages ; _c23 cm. |
||
| 336 |
_2rdacontent _atxt |
||
| 337 |
_2rdamedia _aunmediated |
||
| 338 |
_2rdacarrier _avolume |
||
| 653 |
_bHHUUEENN _cFebruary2019 |
||
| 655 | 7 |
_2BUEsh _91935 _aSuspense fiction. |
|
| 942 |
_2ddc _cBB |
||